[Event "McGill op"]
[Site "Montreal CAN"]
[Date "2014.05.02"]
[Round "1"]
[White "Wan, Kevin"]
[Black "Sambuev, Bator"]
[Result "0-1"]
[WhiteElo "2044"]
[BlackElo "2597"]
[PlyCount "116"]
[EventDate "2014.05.02"]
[EventType "swiss"]
[EventRounds "5"]
[EventCountry "CAN"]

1. e4 e6 2. d4 d5 3. e5 c5 4. c3 Nc6 5. Nf3 Qb6 6. a3 Nh6 7. b4 cxd4 8. cxd4
Nf5 9. Bb2 Be7 10. Bd3 Bd7 11. Bxf5 exf5 12. Nc3 Be6 13. Qd3 O-O 14. O-O Rfc8
15. Rac1 Qd8 16. Nd2 Qd7 17. f4 a5 18. b5 Na7 19. a4 Bb4 20. Nb3 Rc4 21. Nd2
Rcc8 22. Nb3 Qe7 23. Nd2 Rd8 24. Na2 Nc8 25. Nb3 Nb6 26. Nc5 Nc4 27. Nxb4 Nxb2
28. Qe2 Nxa4 29. Nbd3 Nb6 30. Ra1 Nc4 31. Nb2 Rac8 32. b6 Nxb6 33. Rxa5 Nc4 34.
Rb5 b6 35. Nca4 Qd7 36. Rb4 Qa7 37. Nxc4 dxc4 38. Nxb6 Rc6 39. Rfb1 Rb8 40. Qf3
Rcxb6 41. Rxb6 Rxb6 42. Rxb6 Qa1+ 43. Kf2 Qxd4+ 44. Qe3 Qd8 45. Rd6 Qh4+ 46.
Qg3 Qe7 47. Qa3 h6 48. g3 Kh7 49. Qc5 Qb7 50. Rd2 Qh1 51. Ke3 Qc1 52. Ke2 c3
53. Rd3 Qc2+ 54. Ke3 Qxh2 55. Kf3 c2 56. Rc3 Bd5+ 57. Ke3 Be4 58. Kd4 Qd2+ 0-1

[Event "McGill op"]
[Site "Montreal CAN"]
[Date "2014.05.03"]
[Round "2"]
[White "Abrahams, Daniel"]
[Black "Gauthier, Denis"]
[Result "0-1"]
[WhiteElo "2247"]
[BlackElo "1999"]
[PlyCount "52"]
[EventDate "2014.05.02"]
[EventType "swiss"]
[EventRounds "5"]
[EventCountry "CAN"]

1. e4 c5 2. Nf3 Nc6 3. d4 cxd4 4. Nxd4 e6 5. Nc3 Qc7 6. Be3 Nf6 7. a3 a6 8. f4
Nxd4 9. Qxd4 Ng4 10. Qb6 Qb8 11. Bd2 Bd6 12. Be2 Bxf4 13. O-O-O Bc7 14. Qc5 Ne5
15. Bg5 d6 16. Qf2 O-O 17. h4 b5 18. h5 f6 19. Be3 b4 20. Nb1 Qb7 21. Bf3 Rb8
22. b3 Bd7 23. Rd4 a5 24. Qe1 Rfc8 25. axb4 axb4 26. Bd2 Bb6 0-1

[Event "McGill op"]
[Site "Montreal CAN"]
[Date "2014.05.03"]
[Round "2"]
[White "Cloutier, Mario"]
[Black "Wan, Kevin"]
[Result "1-0"]
[WhiteElo "2011"]
[BlackElo "2044"]
[PlyCount "49"]
[EventDate "2014.05.02"]
[EventType "swiss"]
[EventRounds "5"]
[EventCountry "CAN"]

1. d4 d5 2. c4 c6 3. Nf3 Nf6 4. Nc3 e6 5. g3 Nbd7 6. Bg2 Bd6 7. b3 b6 8. O-O
O-O 9. Bb2 Ba6 10. e4 Nxe4 11. Nxe4 dxe4 12. Ne5 Bxe5 13. dxe5 Nc5 14. Ba3 Qc7
15. Bxc5 bxc5 16. Qh5 e3 17. fxe3 Bb7 18. Be4 g6 19. Qg5 Qd8 20. Rf6 Kg7 21.
Raf1 Qc7 22. h4 h6 23. Qg4 Kh8 24. Bxg6 Qxe5 25. Be4 1-0

[Event "McGill op"]
[Site "Montreal CAN"]
[Date "2014.05.03"]
[Round "2"]
[White "Luo, Zhao Yang"]
[Black "Chabot, Roland"]
[Result "1-0"]
[WhiteElo "2066"]
[BlackElo "2205"]
[PlyCount "87"]
[EventDate "2014.05.02"]
[EventType "swiss"]
[EventRounds "5"]
[EventCountry "CAN"]

1. d4 d6 2. Nf3 Bg4 3. e4 Nf6 4. Nbd2 e6 5. Be2 d5 6. exd5 exd5 7. O-O Bd6 8.
Ne5 Bxe2 9. Qxe2 O-O 10. Ndf3 Nbd7 11. Qb5 Nb6 12. a4 a6 13. Qb3 a5 14. Bg5 h6
15. Bh4 g5 16. Nxg5 hxg5 17. Bxg5 Be7 18. Bh6 Ne4 19. f3 Bg5 20. Bxf8 Nd2 21.
Qd3 Nxf1 22. f4 Bf6 23. Bc5 Nxh2 24. Qg3+ Bg7 25. Kxh2 Nd7 26. Rh1 Nxc5 27.
dxc5 Qe7 28. Nd3 Re8 29. Re1 Qd8 30. f5 Rxe1 31. Qxe1 Qf6 32. g4 Qd4 33. Qe8+
Kh7 34. Kg3 Qf6 35. Nf4 Qg5 36. Nh5 f6 37. Qe7 Kh6 38. Qxg7+ Qxg7 39. Nxg7 Kxg7
40. c3 Kh7 41. Kh4 Kh6 42. b3 c6 43. g5+ fxg5+ 44. Kg4 1-0

[Event "McGill op"]
[Site "Montreal CAN"]
[Date "2014.05.03"]
[Round "2"]
[White "Robichaud, Louis"]
[Black "MacKinnon, Keith"]
[Result "0-1"]
[WhiteElo "2071"]
[BlackElo "2297"]
[PlyCount "84"]
[EventDate "2014.05.02"]
[EventType "swiss"]
[EventRounds "5"]
[EventCountry "CAN"]

1. e4 d5 2. exd5 Qxd5 3. Nc3 Qd6 4. d4 Nf6 5. g3 Bg4 6. Be2 Bxe2 7. Ngxe2 c6 8.
Bf4 Qd7 9. O-O h5 10. h4 Qh3 11. f3 e6 12. Ne4 Nxe4 13. fxe4 Nd7 14. e5 Be7 15.
Qd2 Qg4 16. Qe3 Bxh4 17. Qf3 Qxf3 18. Rxf3 Be7 19. Be3 c5 20. c3 Rc8 21. Raf1
cxd4 22. cxd4 Rc2 23. Nc3 O-O 24. R1f2 Rxf2 25. Rxf2 Rc8 26. Rh2 Nb6 27. Rxh5
Nc4 28. Bc1 Bb4 29. Ne2 Nxb2 30. Bxb2 Rc2 31. Nf4 Rxb2 32. Nd3 Rd2 33. Nxb4 a5
34. Rh2 Rxh2 35. Kxh2 axb4 36. Kg2 Kh7 37. Kf3 Kh6 38. Ke3 Kg5 39. Kd3 Kg4 40.
Kc4 Kxg3 41. Kc5 Kf4 42. Kd6 Ke4 0-1

[Event "McGill op"]
[Site "Montreal CAN"]
[Date "2014.05.03"]
[Round "2"]
[White "Sambuev, Bator"]
[Black "Libersan, Thierry"]
[Result "1-0"]
[WhiteElo "2597"]
[BlackElo "2185"]
[PlyCount "57"]
[EventDate "2014.05.02"]
[EventType "swiss"]
[EventRounds "5"]
[EventCountry "CAN"]

1. d4 Nf6 2. Nf3 g6 3. Bg5 Ne4 4. Bh4 c5 5. c3 Bg7 6. Nbd2 Nxd2 7. Qxd2 cxd4 8.
cxd4 d5 9. e3 O-O 10. Be2 Nd7 11. O-O Nf6 12. Qb4 a5 13. Qa3 Bg4 14. Rfc1 e6
15. Rc3 Rc8 16. Rxc8 Qxc8 17. Qxa5 Qc2 18. Qb5 Ne4 19. Bd3 Qc7 20. Bxe4 dxe4
21. Bg3 Qe7 22. Nd2 Rc8 23. Nxe4 Rc2 24. Nc3 h5 25. Qb3 Rd2 26. Ne4 Re2 27. f3
Bh6 28. fxg4 Rxe3 29. Qc2 1-0

[Event "McGill op"]
[Site "Montreal CAN"]
[Date "2014.05.03"]
[Round "2"]
[White "Tomb, Maroun"]
[Black "Jacquet, Stephane"]
[Result "1-0"]
[WhiteElo "2207"]
[BlackElo "2024"]
[PlyCount "65"]
[EventDate "2014.05.02"]
[EventType "swiss"]
[EventRounds "5"]
[EventCountry "CAN"]

1. c4 e6 2. Nc3 d5 3. d4 dxc4 4. e4 Bb4 5. Bxc4 c5 6. d5 exd5 7. exd5 Nf6 8.
Nge2 O-O 9. O-O a6 10. a4 h6 11. Bf4 Bg4 12. Qd3 Bh5 13. d6 Kh8 14. Nd5 Nxd5
15. Qxd5 Bxe2 16. Bxe2 Nc6 17. Be3 Nd4 18. Bxd4 cxd4 19. d7 Qb6 20. Rfd1 Bc5
21. Bf3 Qa5 22. Rxd4 Rfd8 23. Rc1 Bb6 24. Qxa5 Bxa5 25. b4 Bb6 26. Rd6 Ba7 27.
Bxb7 Rab8 28. Rc8 Kh7 29. Bxa6 Rb6 30. Bd3+ g6 31. Rxb6 Bxb6 32. Rxd8 Bxd8 33.
a5 1-0

[Event "McGill op"]
[Site "Montreal CAN"]
[Date "2014.05.03"]
[Round "2"]
[White "Trahan, Daniel"]
[Black "Boudreau, Daniel"]
[Result "1/2-1/2"]
[WhiteElo "2106"]
[BlackElo "2103"]
[PlyCount "53"]
[EventDate "2014.05.02"]
[EventType "swiss"]
[EventRounds "5"]
[EventCountry "CAN"]

1. d4 Nf6 2. c4 e6 3. Nc3 Bb4 4. Qc2 O-O 5. a3 Bxc3+ 6. Qxc3 d5 7. Nf3 dxc4 8.
Qxc4 b6 9. Bg5 Ba6 10. Qc2 h6 11. Bh4 c5 12. Rd1 cxd4 13. Nxd4 Qe7 14. b4 Rc8
15. Qb2 Nbd7 16. f3 Bc4 17. e4 Bxf1 18. Rxf1 a5 19. Nb5 g5 20. Bg3 axb4 21.
axb4 Ne8 22. e5 Ra4 23. Nd6 Rca8 24. Rf2 Nc7 25. Rb1 Nd5 26. Qd2 Ra1 27. Qd1
1/2-1/2

[Event "McGill op"]
[Site "Montreal CAN"]
[Date "2014.05.03"]
[Round "2"]
[White "Yu, Zong Yang"]
[Black "Harris, Ian"]
[Result "0-1"]
[WhiteElo "2234"]
[BlackElo "2275"]
[PlyCount "136"]
[EventDate "2014.05.02"]
[EventType "swiss"]
[EventRounds "5"]
[EventCountry "CAN"]

1. d4 Nf6 2. c4 e6 3. Nf3 d5 4. Nc3 dxc4 5. e3 a6 6. a4 b6 7. Bxc4 Bb7 8. O-O
c5 9. Qe2 Qc7 10. Rd1 cxd4 11. exd4 Be7 12. d5 exd5 13. Nxd5 Nxd5 14. Bxd5 Bxd5
15. Rxd5 O-O 16. Be3 Nc6 17. Rad1 Rfd8 18. Rxd8+ Rxd8 19. Rxd8+ Qxd8 20. g3 Nb4
21. Bxb6 Qd7 22. Qe4 h6 23. Kg2 Bd6 24. b3 Qc8 25. Bd4 Bf8 26. Bb2 Nc6 27. Qc4
Qb7 28. Qd5 Qb6 29. Bc3 Bc5 30. Ne5 Nxe5 31. Qxe5 Qc6+ 32. f3 Bf8 33. h4 Qd7
34. Qd4 Qe6 35. Qd1 Qe3 36. Qd2 Qb6 37. Qb2 Qc6 38. Bd4 Qd5 39. b4 Qc4 40. b5
Ba3 41. Qc3 Qxa4 42. bxa6 Qxa6 43. Bxg7 Qe2+ 44. Kh3 Qe6+ 45. g4 Bd6 46. Bd4 h5
47. Qc1 hxg4+ 48. fxg4 Qb3+ 49. Bc3 Qd5 50. Qf1 Qe4 51. Bd2 Qe5 52. Qg2 Kh7 53.
Qf2 Kg8 54. h5 Qd5 55. Bf4 Qh1+ 56. Kg3 Be7 57. Qg2 Bh4+ 58. Kf3 Qd1+ 59. Qe2
Qd5+ 60. Ke3 Qc5+ 61. Kf3 Qd5+ 62. Qe4 Qd1+ 63. Ke3 Qc1+ 64. Kd3 Qb1+ 65. Ke3
Qc1+ 66. Ke2 Qe1+ 67. Kd3 Qb1+ 68. Ke3 Bf2+ 0-1

[Event "McGill op"]
[Site "Montreal CAN"]
[Date "2014.05.03"]
[Round "2"]
[White "Zhou, Qiyu"]
[Black "Sturt, Raven"]
[Result "0-1"]
[WhiteElo "2241"]
[BlackElo "2346"]
[PlyCount "72"]
[EventDate "2014.05.02"]
[EventType "swiss"]
[EventRounds "5"]
[EventCountry "CAN"]

1. e4 e5 2. Nf3 Nc6 3. Bb5 a6 4. Ba4 Nf6 5. d3 d6 6. c3 Be7 7. O-O O-O 8. Nbd2
b5 9. Bc2 Nb8 10. a4 Bb7 11. Re1 Re8 12. Nf1 Bf8 13. Ng3 g6 14. Be3 Nbd7 15. h3
Nc5 16. Nh2 h5 17. f4 exf4 18. Bxf4 Ne6 19. Qd2 Nxf4 20. Qxf4 Bg7 21. Bb3 Qe7
22. Nf3 Rf8 23. axb5 axb5 24. Rxa8 Bxa8 25. Qg5 Kh8 26. Qxb5 c5 27. Ra1 Nh7 28.
Qb6 Ng5 29. Nxg5 Qxg5 30. Nf1 f5 31. Qxd6 fxe4 32. Qxf8+ Bxf8 33. Rxa8 Kg7 34.
dxe4 c4 35. Ba4 Bc5+ 36. Kh1 Qf4 0-1

[Event "McGill op"]
[Site "Montreal CAN"]
[Date "2014.05.03"]
[Round "3"]
[White "Bolduc, Steve"]
[Black "Trahan, Daniel"]
[Result "1/2-1/2"]
[WhiteElo "2254"]
[BlackElo "2106"]
[PlyCount "58"]
[EventDate "2014.05.02"]
[EventType "swiss"]
[EventRounds "5"]
[EventCountry "CAN"]

1. d4 Nf6 2. c4 e6 3. Nc3 Bb4 4. Nf3 b6 5. Bg5 h6 6. Bh4 Bb7 7. e3 Bxc3+ 8.
bxc3 d6 9. Bd3 g5 10. Bg3 Qe7 11. O-O Rg8 12. Rb1 Nh5 13. Nd2 Nxg3 14. fxg3 Nd7
15. c5 dxc5 16. a4 O-O-O 17. Qe2 e5 18. Ba6 exd4 19. Bxb7+ Kxb7 20. Qf3+ Kb8
21. exd4 Rge8 22. Nc4 cxd4 23. cxd4 Qe4 24. Qf2 Qd5 25. Qxf7 Qxd4+ 26. Kh1 Rf8
27. Qe6 Rfe8 28. Qf7 Rf8 29. Qe6 Rfe8 1/2-1/2

[Event "McGill op"]
[Site "Montreal CAN"]
[Date "2014.05.03"]
[Round "3"]
[White "Bouchard, Jean-Marc"]
[Black "Robichaud, Louis"]
[Result "0-1"]
[WhiteElo "1943"]
[BlackElo "2071"]
[PlyCount "64"]
[EventDate "2014.05.02"]
[EventType "swiss"]
[EventRounds "5"]
[EventCountry "CAN"]

1. Nf3 Nf6 2. g3 g6 3. d4 Bg7 4. c4 O-O 5. Bg2 d6 6. O-O Nbd7 7. Nc3 e5 8. h3
Re8 9. Be3 exd4 10. Bxd4 c5 11. Be3 Nb6 12. Nd2 Be6 13. Rc1 Qd7 14. Nce4 Bxh3
15. Nxd6 Rxe3 16. fxe3 Bxg2 17. Kxg2 Qxd6 18. Nb3 Qe7 19. Rf3 Ng4 20. e4 Qxe4
21. Qd3 Qc6 22. Na5 Qe8 23. Nxb7 Ne5 24. Qe4 Nxf3 25. Qxe8+ Rxe8 26. Kxf3 Bxb2
27. Rc2 Bd4 28. Nd6 Re3+ 29. Kf4 Re6 30. Nb5 Be5+ 31. Kf3 a6 32. Na3 Bxg3 0-1

[Event "McGill op"]
[Site "Montreal CAN"]
[Date "2014.05.03"]
[Round "3"]
[White "Boudreau, Daniel"]
[Black "Cloutier, Mario"]
[Result "1/2-1/2"]
[WhiteElo "2103"]
[BlackElo "2011"]
[PlyCount "75"]
[EventDate "2014.05.02"]
[EventType "swiss"]
[EventRounds "5"]
[EventCountry "CAN"]

1. e4 c5 2. Nf3 d6 3. Bb5+ Nd7 4. O-O Ngf6 5. Re1 g6 6. d4 cxd4 7. Nxd4 Bg7 8.
Nc3 O-O 9. Be3 a6 10. Be2 Ne5 11. f3 Qc7 12. Qd2 b5 13. a4 b4 14. Na2 a5 15.
Nb5 Qb7 16. c3 b3 17. Nc1 Be6 18. Ra3 d5 19. Nxb3 dxe4 20. Nc5 Qc8 21. fxe4 Rd8
22. Qc1 Bg4 23. b4 Bxe2 24. Rxe2 Nc4 25. Raa2 Ng4 26. Bf4 e5 27. Bg5 f6 28. Bd2
Rxd2 29. Raxd2 Bh6 30. h3 Nxd2 31. Rxd2 Be3+ 32. Kf1 axb4 33. cxb4 Rxa4 34.
Qc4+ Kh8 35. Nd6 Bxd2 36. Nf7+ Kg8 37. Nd6+ Kh8 38. Nf7+ 1/2-1/2

[Event "McGill op"]
[Site "Montreal CAN"]
[Date "2014.05.03"]
[Round "3"]
[White "Caceres Cortes, Julio"]
[Black "Chabot, Roland"]
[Result "1/2-1/2"]
[WhiteElo "1974"]
[BlackElo "2205"]
[PlyCount "53"]
[EventDate "2014.05.02"]
[EventType "swiss"]
[EventRounds "5"]
[EventCountry "CAN"]

1. e4 d6 2. d4 Nf6 3. Nc3 e5 4. Nf3 Nbd7 5. Bc4 Be7 6. Ng5 O-O 7. Bxf7+ Rxf7 8.
Ne6 Qe8 9. Nxc7 Qd8 10. Nxa8 b5 11. dxe5 dxe5 12. O-O Bb7 13. Nxb5 Bxa8 14. Be3
Qb8 15. Nxa7 Bc5 16. Bxc5 Nxc5 17. Nc8 Qxc8 18. f3 h5 19. Qd6 Ncd7 20. c3 h4
21. h3 Qb7 22. b4 Qa7+ 23. Kh2 Qe3 24. Rac1 Qf4+ 25. Kg1 Nh5 26. Qa6 Rf8 27.
Qe6+ 1/2-1/2

[Event "McGill op"]
[Site "Montreal CAN"]
[Date "2014.05.03"]
[Round "3"]
[White "Gauthier, Denis"]
[Black "Yu, Zong Yang"]
[Result "0-1"]
[WhiteElo "2234"]
[BlackElo "1999"]
[PlyCount "92"]
[EventDate "2014.05.02"]
[EventType "swiss"]
[EventRounds "5"]
[EventCountry "CAN"]

1. d4 Nf6 2. c4 g6 3. Nc3 Bg7 4. Nf3 d6 5. Bf4 O-O 6. h3 Nc6 7. e3 Nd7 8. Be2
e5 9. Bh2 f5 10. d5 Ne7 11. O-O h6 12. b4 b6 13. Qb3 g5 14. Rac1 Ng6 15. Nd2
Rf7 16. Na4 Rb8 17. Qc2 Bb7 18. Rfd1 Bf8 19. Nb3 Kg7 20. c5 Nf6 21. Bd3 Nxd5
22. Bxf5 Nxb4 23. Qb1 Qf6 24. g4 bxc5 25. Qb2 Bc8 26. e4 Nc6 27. Nc3 Nce7 28.
Qa3 a6 29. Na5 Nh4 30. Bg3 Nf3+ 31. Kg2 Nd4 32. Nc4 Nexf5 33. gxf5 Nxf5 34. Nd5
Qe6 35. exf5 Qxf5 36. Kg1 Qxh3 37. Rd3 Qe6 38. Re1 Kg8 39. Qc1 Bb7 40. Qd2 Bxd5
41. Rxd5 c6 42. Rxd6 Bxd6 43. Nxe5 Bxe5 44. Rxe5 Qg4 45. Qd6 Rb1+ 46. Kg2 Qf3+
0-1

[Event "McGill op"]
[Site "Montreal CAN"]
[Date "2014.05.03"]
[Round "3"]
[White "Harris, Ian"]
[Black "Sambuev, Bator"]
[Result "0-1"]
[WhiteElo "2275"]
[BlackElo "2597"]
[PlyCount "72"]
[EventDate "2014.05.02"]
[EventType "swiss"]
[EventRounds "5"]
[EventCountry "CAN"]

1. d4 Nf6 2. Nf3 d6 3. Nbd2 g6 4. b3 Bg7 5. Bb2 O-O 6. e4 Nh5 7. g3 c5 8. Be2
cxd4 9. Bxd4 Nf6 10. h4 Nc6 11. c3 d5 12. exd5 Nxd4 13. cxd4 Bg4 14. Nc4 Nxd5
15. Qd2 Rc8 16. O-O b5 17. Nce5 Bxe5 18. Nxe5 Bxe2 19. Qxe2 Nc3 20. Qe3 Qxd4
21. Qxd4 Ne2+ 22. Kg2 Nxd4 23. Rad1 Rfd8 24. Rd2 f6 25. Ng4 Nf5 26. Rfd1 Rxd2
27. Rxd2 h5 28. Ne3 Nxe3+ 29. fxe3 Kf7 30. Kf3 Ke6 31. Rd4 Rc5 32. a4 a6 33.
Rd8 bxa4 34. Ra8 axb3 35. Rxa6+ Kd5 36. Rb6 Kc4 0-1

[Event "McGill op"]
[Site "Montreal CAN"]
[Date "2014.05.03"]
[Round "3"]
[White "Libersan, Thierry"]
[Black "Jacquet, Stephane"]
[Result "1/2-1/2"]
[WhiteElo "2185"]
[BlackElo "2024"]
[PlyCount "44"]
[EventDate "2014.05.02"]
[EventType "swiss"]
[EventRounds "5"]
[EventCountry "CAN"]

1. e4 d6 2. d4 Nf6 3. f3 g6 4. c4 Bg7 5. Nc3 O-O 6. Be3 Nbd7 7. Qd2 c5 8. Nge2
Qa5 9. d5 Ne5 10. Ng3 h5 11. Be2 h4 12. Nf1 h3 13. g4 a6 14. Rg1 b5 15. Rg3 b4
16. Nd1 Nexg4 17. fxg4 Nxe4 18. Qc1 Nxg3 19. Nxg3 e6 20. Bh6 exd5 21. Bxg7 Kxg7
22. Nh5+ Kh7 1/2-1/2

[Event "McGill op"]
[Site "Montreal CAN"]
[Date "2014.05.03"]
[Round "3"]
[White "MacKinnon, Keith"]
[Black "Beaulieu, Eric"]
[Result "0-1"]
[WhiteElo "2297"]
[BlackElo "2201"]
[PlyCount "118"]
[EventDate "2014.05.02"]
[EventType "swiss"]
[EventRounds "5"]
[EventCountry "CAN"]

1. e4 c5 2. Nf3 e6 3. d4 cxd4 4. Nxd4 a6 5. Nc3 Qc7 6. Be2 b5 7. O-O Bb7 8. Bf3
Nc6 9. Nxc6 Bxc6 10. Re1 Bc5 11. Nd5 Qa7 12. Be3 Rc8 13. Qd2 Bxd5 14. exd5 Nf6
15. c3 O-O 16. a4 Qb6 17. axb5 axb5 18. dxe6 fxe6 19. Rad1 Bxe3 20. Qxe3 Qxe3
21. Rxe3 b4 22. cxb4 Rc4 23. Rb3 Rb8 24. b5 d5 25. Be2 Rc7 26. Rc3 Rcb7 27.
Rdc1 Ne4 28. Rc8+ Rxc8 29. Rxc8+ Kf7 30. Rc6 Ke7 31. b6 Nd6 32. Ba6 Rb8 33.
Rc7+ Kd8 34. Rxg7 Rxb6 35. Bd3 Rxb2 36. Bxh7 Rb7 37. Rg8+ Ke7 38. h4 Kf6 39.
Rg6+ Ke5 40. Bg8 Nf7 41. h5 d4 42. Kf1 d3 43. Ke1 Kd4 44. Bxf7 Kc3 45. f4 Rb1+
46. Kf2 d2 47. Rg3+ Kd4 48. Bg6 d1=Q 49. Bxb1 Qxb1 50. Rf3 Ke4 51. h6 Qb2+ 52.
Kg1 Qh8 53. Kf1 Qxh6 54. Kg1 Qh4 55. Kf1 Kf5 56. Rh3 Qf6 57. Re3 Kg4 58. Rf3
Qb2 59. Kg1 Qe2 0-1

[Event "McGill op"]
[Site "Montreal CAN"]
[Date "2014.05.03"]
[Round "3"]
[White "Nikulich, Oleksandr"]
[Black "Zhou, Qiyu"]
[Result "0-1"]
[WhiteElo "2070"]
[BlackElo "2103"]
[PlyCount "78"]
[EventDate "2014.05.02"]
[EventType "swiss"]
[EventRounds "5"]
[EventCountry "CAN"]

1. e4 e5 2. Nf3 Nc6 3. d4 exd4 4. Bc4 Nf6 5. O-O d6 6. Nxd4 Be7 7. Nc3 O-O 8.
f3 Ne5 9. Be2 c5 10. Nb3 a6 11. Kh1 b5 12. Nd5 Nxd5 13. Qxd5 Be6 14. Qd1 Nc6
15. Be3 Qc7 16. f4 Bf6 17. c3 Rfe8 18. Bf3 Rad8 19. Qd2 Bc8 20. Rad1 Bb7 21.
Rfe1 Na5 22. Bg1 Nc4 23. Qc2 g6 24. Nd2 Nb6 25. Nf1 Bg7 26. Ne3 Re7 27. f5 Rde8
28. h3 Nd7 29. c4 Ne5 30. b3 b4 31. Bh2 Rd7 32. Rf1 Qd8 33. Nd5 Bxd5 34. exd5
Qg5 35. Be4 Rde7 36. fxg6 fxg6 37. Bf3 Nxf3 38. Rxf3 Re2 39. Rg3 Re1+ 0-1

[Event "McGill op"]
[Site "Montreal CAN"]
[Date "2014.05.03"]
[Round "3"]
[White "Sturt, Raven"]
[Black "Tomb, Maroun"]
[Result "1-0"]
[WhiteElo "2301"]
[BlackElo "2207"]
[PlyCount "55"]
[EventDate "2014.05.02"]
[EventType "swiss"]
[EventRounds "5"]
[EventCountry "CAN"]

1. g3 c5 2. Bg2 Nc6 3. d3 g6 4. Nf3 Bg7 5. O-O Nf6 6. e4 O-O 7. Re1 d5 8. Nbd2
h6 9. c3 Be6 10. e5 Nd7 11. d4 Qb6 12. Nb3 cxd4 13. Nfxd4 Ncxe5 14. Nxe6 fxe6
15. Be3 Qa6 16. Bd4 g5 17. Nc5 Nxc5 18. Bxe5 Bxe5 19. Rxe5 Rxf2 20. Qd4 Rxg2+
21. Kxg2 Nb3 22. axb3 Qxa1 23. Qd3 Kf8 24. Rxe6 Rd8 25. Qf5+ Ke8 26. Rg6 Qxb2+
27. Kh3 g4+ 28. Rxg4 1-0

[Event "McGill op"]
[Site "Montreal CAN"]
[Date "2014.05.03"]
[Round "3"]
[White "Tremblay, Alain"]
[Black "Abrahams, Daniel"]
[Result "1/2-1/2"]
[WhiteElo "2206"]
[BlackElo "2247"]
[PlyCount "87"]
[EventDate "2014.05.02"]
[EventType "swiss"]
[EventRounds "5"]
[EventCountry "CAN"]

1. d4 Nf6 2. c4 e6 3. Nc3 Bb4 4. e3 b6 5. Nge2 c5 6. a3 Ba5 7. Bd2 O-O 8. Nf4
d6 9. Be2 Bb7 10. O-O Nbd7 11. b4 cxb4 12. Nb5 bxa3 13. Bxa5 bxa5 14. Nxd6 Rb8
15. Nxb7 Rxb7 16. Rxa3 Qc7 17. Qa1 e5 18. Nd3 Re8 19. dxe5 Nxe5 20. Rxa5 Nxd3
21. Bxd3 Ng4 22. Rh5 g6 23. Rh4 h5 24. Be2 Qe7 25. Rh3 Qe6 26. Bf3 Rc7 27. Bd5
Qe5 28. Qb1 Kg7 29. Qd3 f5 30. Bf3 Ree7 31. Bxg4 hxg4 32. Rg3 Qe4 33. Qc3+ Qe5
34. Qc2 Qe4 35. Qb2+ Kh7 36. h3 Rxc4 37. hxg4 fxg4 38. Qf6 Qe6 39. Qh4+ Kg7 40.
Qg5 Rd7 41. Rb1 Qf5 42. Rb5 Rc1+ 43. Kh2 Qxf2 44. Rxg4 1/2-1/2

[Event "McGill op"]
[Site "Montreal CAN"]
[Date "2014.05.03"]
[Round "3"]
[White "Wan, Kevin"]
[Black "Twesigye, Derick"]
[Result "1/2-1/2"]
[WhiteElo "2044"]
[BlackElo "2103"]
[PlyCount "89"]
[EventDate "2014.05.02"]
[EventType "swiss"]
[EventRounds "5"]
[EventCountry "CAN"]

1. e4 c5 2. c3 d5 3. exd5 Qxd5 4. d4 Nf6 5. Nf3 Bg4 6. Be2 e6 7. h3 Bh5 8. Be3
cxd4 9. cxd4 Nc6 10. Nc3 Qd6 11. Qb3 Be7 12. O-O O-O 13. Rfd1 Nb4 14. d5 Nbxd5
15. g4 Bg6 16. g5 Ne4 17. Nxd5 exd5 18. Qxd5 Qxd5 19. Rxd5 Rfd8 20. Rad1 Rxd5
21. Rxd5 Rd8 22. Rxd8+ Bxd8 23. Bxa7 Nxg5 24. Nxg5 Bxg5 25. Bf3 Bf6 26. Bxb7
Bxb2 27. a4 Bf5 28. a5 Bxh3 29. Bc5 Be5 30. a6 Bb8 31. f3 g5 32. a7 Bxa7 33.
Bxa7 Kg7 34. Kh2 Be6 35. Bc6 f5 36. Bd4+ Kg6 37. Be8+ Bf7 38. Bc6 h5 39. Kg2 f4
40. Be4+ Kh6 41. Be5 Bg6 42. Bd5 g4 43. Bxf4+ Kh7 44. Kg3 gxf3 45. Kxf3 1/2-1/2

[Event "McGill op"]
[Site "Montreal CAN"]
[Date "2014.05.04"]
[Round "4"]
[White "Cloutier, Mario"]
[Black "Bolduc, Steve"]
[Result "0-1"]
[WhiteElo "2011"]
[BlackElo "2254"]
[PlyCount "70"]
[EventDate "2014.05.02"]
[EventType "swiss"]
[EventRounds "5"]
[EventCountry "CAN"]

1. d4 Nf6 2. c4 g6 3. Nc3 Bg7 4. e4 d6 5. Nf3 O-O 6. Be2 e5 7. O-O exd4 8. Nxd4
Re8 9. f3 Nc6 10. Be3 Nh5 11. Nc2 f5 12. Qd2 Be6 13. Bg5 Qd7 14. Rad1 Qf7 15.
b3 f4 16. Nd5 h6 17. Bh4 g5 18. Bf2 Rad8 19. Rfe1 Bc8 20. Kh1 Ne5 21. Qa5 c6
22. Ndb4 b6 23. Qa4 g4 24. Nxc6 g3 25. Nxd8 Rxd8 26. Bg1 gxh2 27. Bxh2 Bf6 28.
Qb4 Qe7 29. Nd4 Bh4 30. Nb5 Bf2 31. g4 fxg3 32. Rg1 Bxg1 33. Rxg1 Qh4 34. Rg2
Bh3 35. Rg1 Bf1 0-1

[Event "McGill op"]
[Site "Montreal CAN"]
[Date "2014.05.04"]
[Round "4"]
[White "Jacquet, Stephane"]
[Black "Boudreau, Daniel"]
[Result "1-0"]
[WhiteElo "2024"]
[BlackElo "2103"]
[PlyCount "91"]
[EventDate "2014.05.02"]
[EventType "swiss"]
[EventRounds "5"]
[EventCountry "CAN"]

1. d4 Nf6 2. c4 e6 3. Nf3 Bb4+ 4. Bd2 Qe7 5. a3 Bxd2+ 6. Qxd2 b6 7. Nc3 Bb7 8.
e3 Ne4 9. Qc2 f5 10. Bd3 Ng5 11. Nxg5 Qxg5 12. Nb5 Na6 13. O-O-O O-O 14. Rhg1
d5 15. g4 dxc4 16. Bxc4 Be4 17. Qd2 Rae8 18. f4 Qe7 19. Nc3 Bb7 20. Rg3 Kh8 21.
Rdg1 g6 22. g5 c5 23. d5 Rd8 24. Rd1 exd5 25. Nxd5 Bxd5 26. Bxd5 Qg7 27. Qe2
Nc7 28. Bf3 Rxd1+ 29. Qxd1 Qe7 30. Bh1 b5 31. h4 b4 32. axb4 cxb4 33. Qd4+ Kg8
34. h5 Rd8 35. Qc4+ Qe6 36. Qxe6+ Nxe6 37. h6 Rd3 38. Rg1 Rxe3 39. Bd5 Kf7 40.
Kd2 Re4 41. Bxe4 fxe4 42. Ke3 Ke7 43. Ra1 Kd6 44. Rxa7 Nc7 45. Rxc7 Kxc7 46. f5
1-0

[Event "McGill op"]
[Site "Montreal CAN"]
[Date "2014.05.04"]
[Round "4"]
[White "Robichaud, Louis"]
[Black "Caceres Cortes, Julio"]
[Result "1/2-1/2"]
[WhiteElo "2071"]
[BlackElo "1974"]
[PlyCount "138"]
[EventDate "2014.05.02"]
[EventType "swiss"]
[EventRounds "5"]
[EventCountry "CAN"]

1. e4 c5 2. d3 Nc6 3. g3 g6 4. Bg2 Bg7 5. f4 d6 6. Nc3 e6 7. Nf3 Nge7 8. O-O
O-O 9. Be3 Nd4 10. Rb1 Rb8 11. Qd2 Nec6 12. a3 Nxf3+ 13. Bxf3 Nd4 14. Bg2 Bd7
15. Ne2 b6 16. c3 Nxe2+ 17. Qxe2 f5 18. exf5 Rxf5 19. Rbd1 Qc7 20. d4 Re8 21.
dxc5 bxc5 22. Qd2 d5 23. Qf2 Rc8 24. b4 Bxc3 25. Bxc5 a6 26. Bh3 Rf7 27. Qe3 d4
28. Bxd4 Bxd4 29. Rxd4 Qb6 30. Re4 Qxe3+ 31. Rxe3 Re7 32. Rd1 Kg7 33. Bf1 Bb5
34. Bxb5 axb5 35. Rd6 Rc1+ 36. Kf2 Rc2+ 37. Kf3 Rxh2 38. Rdxe6 Rxe6 39. Rxe6
Ra2 40. Rb6 Rxa3+ 41. Kg4 h5+ 42. Kh4 Kh6 43. Rxb5 Ra2 44. Kh3 Kg7 45. Rb6 Rb2
46. b5 Kh7 47. Rb8 Kg7 48. b6 Kh7 49. b7 Kg7 50. f5 gxf5 51. Kh4 Rb4+ 52. Kxh5
Rb1 53. Kg5 Rb5 54. Kf4 Rb3 55. Kxf5 Rb5+ 56. Kg4 Rb4+ 57. Kh5 Rb5+ 58. Kh4 Rb1
59. g4 Rh1+ 60. Kg5 Rb1 61. Kh4 Rh1+ 62. Kg3 Rb1 63. g5 Rb6 64. Kf4 Rb1 65. g6
Rf1+ 66. Ke3 Rb1 67. Kd3 Rb3+ 68. Kc2 Rb6 69. Kc3 Rb1 1/2-1/2